| 000 | 00526nam a22001697a 4500 | ||
|---|---|---|---|
| 999 |
_c7116 _d7116 |
||
| 003 | GBCCL | ||
| 005 | 20241126110620.0 | ||
| 008 | 180710b ||||| |||| 00| 0 eng d | ||
| 040 | _cGBC | ||
| 082 |
_aVER 305.8095417 _bPIA |
||
| 100 |
_aPiangzathang _912599 |
||
| 245 |
_aGuite Hausate Tangthu: _bA story of the Guite Chiefs / _cPiangzathang |
||
| 260 |
_aChurachandpur: _bPiangzathang, _c1982. |
||
| 300 |
_aii, 164 p.; _c12 x 17 cm. |
||
| 650 |
_aChiefdoms - India - Manipur _vGuite - History - Manipur _912600 |
||
| 942 |
_2ddc _cBK |
||